| 000 | 01242nam0a2200325 4500 | ||
|---|---|---|---|
| 001 | RU\NLR\BIBL_A\022664023 | ||
| 005 | 20260123131612.0 | ||
| 010 |
_a978-5-17-169872-0 _93000 |
||
| 021 |
_aRU _bКН-П-25-058283 _9КН-П-25-5613 |
||
| 035 | _a(NLR Aleph) 022664023 | ||
| 090 |
_a13535913 _c13535913 |
||
| 100 | _a20251112d2025 u y0rusy50 ca | ||
| 101 | 1 |
_arus _ceng |
|
| 102 | _aRU | ||
| 105 | _ay z 000ay | ||
| 181 | 0 |
_ai4 _baxxe |
|
| 182 | 0 | _an | |
| 200 | 1 |
_aДорожные работы _e[роман] _fСтивен Кинг под псевдонимом Ричард Бахмат _gперевод с английского А. Санина |
|
| 203 |
_aТекст _bвизуальный _cнепосредственный |
||
| 210 |
_aМосква _cАСТ _d2025 |
||
| 215 |
_a349, [2] с. _d18 |
||
| 225 | 1 | _aЭксклюзивная классика | |
| 225 | 1 | _aКниги, изменившие мир. Писатели, объединившие поколения | |
| 333 | _a16+ | ||
| 686 | 1 | _aШ6(7США)67-445{Лх1979-62} | |
| 700 | 1 |
_aКинг _bС. _f1947- _gСтивен _3RU\NLR\AUTH\77848 |
|
| 942 | _cBOOK | ||
| 980 | _aNB | ||